Cine, fe y moral (Record n. 72696)

Dettagli MARC
000 -LEADER
fixed length control field 01069nam a2200325Ia 4500
001 - CONTROL NUMBER
control field 2251
003 - CONTROL NUMBER IDENTIFIER
control field IT-RoPAU
008 - FIXED-LENGTH DATA ELEMENTS--GENERAL INFORMATION
fixed length control field 130308s9999 xx 000 0 und d
040 ## - CATALOGING SOURCE
Original cataloging agency IT-RoPAU
040 ## - CATALOGING SOURCE
Transcribing agency IT-RoPAU
041 ## - LANGUAGE CODE
Language code of text/sound track or separate title SPAGNOLO
999 ## - SYSTEM CONTROL NUMBERS (KOHA)
Koha Dewey Subclass [OBSOLETE] SI
100 ## - MAIN ENTRY--PERSONAL NAME
Personal name Ludmann René
100 ## - MAIN ENTRY--PERSONAL NAME
Miscellaneous information Codice Aut. SPICS: 4452
240 ## - UNIFORM TITLE
Uniform title CINEMA, foi ET MORALE
240 ## - UNIFORM TITLE
Miscellaneous information Codice Tit. Orig. Spics: T1476
245 ## - TITLE STATEMENT
Title Cine, fe y moral
245 ## - TITLE STATEMENT
Remainder of title Cine, Fe Y Moral
250 ## - EDITION STATEMENT
Edition statement 1a ed.
260 ## - PUBLICATION, DISTRIBUTION, ETC. (IMPRINT)
Place of publication, distribution, etc. MADRID
260 ## - PUBLICATION, DISTRIBUTION, ETC. (IMPRINT)
Name of publisher, distributor, etc. RIALP
260 ## - PUBLICATION, DISTRIBUTION, ETC. (IMPRINT)
Date of publication, distribution, etc. 1958 [1° Ed.:1958 - Ed.Ling.Originale:1956]
300 ## - PHYSICAL DESCRIPTION
Extent "190 p. (prefazione: no ; testo: 190)"
500 ## - GENERAL NOTE
General note Cinema fede Morale Influsso del Cinema Sul Comportamento Morale Politeismo Erotismo Masochismo Evasione Cinema e Cultura Cinema mezzo di Evangelizzazione Film Religioso Cristiano Spiritualista Irreligioso Discorsi di Pio XII sull'arte Cinematografica e Sul Film Ideale
650 ## - SUBJECT ADDED ENTRY--TOPICAL TERM
Topical term or geographic name as entry element ETICA CINEMATOGRAFICA
650 ## - SUBJECT ADDED ENTRY--TOPICAL TERM
Relator term Codice materia Spics: 6813
942 ## - ADDED ENTRY ELEMENTS (KOHA)
Koha item type LIBRO
957 ## -
-- 1
999 ## - SYSTEM CONTROL NUMBERS (KOHA)
-- 2
Dati di copia
Withdrawn status Lost status Damaged status Not for loan Home library Current library Date acquired Total Checkouts Full call number Date last seen Price effective from Koha item type Public note
    Buone Condizioni Not For Loan SPICS-MEDIATECA SPICS-MEDIATECA 08/03/2013   2251 08/03/2013 08/03/2013 LIBRO Progressivo inserimento: 41930 / N. Volumi: 1 Copie: 2 Copia Rara: SI / data import: 1 marzo 2013 - By Epidotti, Trombetti, Vaglietti.
CREDITS: SOCIETA' SAN PAOLO Via A.Severo, 58 - ROMA (RM) & PERIODICI SAN PAOLO SRL Via Giotto, 36 MILANO & CISF Via Giotto, 36 MILANO & EDIZIONI SAN PAOLO SRL,  Piazza Soncino, 5 CINISELLO BALSAMO (MI) -- ITALY